000 00636nam a22002177a 4500
003 0
005 20250910141914.0
008 250910b xxu||||| |||| 00| 0 eng d
020 _a978-0-06-093456-7
050 _aPS 3562
_b.L477 1988
100 _aLee, Harper,
_eauthor.
245 _aTo kill a mockingbird /
_cHarper Lee.
260 _aNew York, USA :
_bHarperperennial,
_c1988.
300 _a323 pages :
_c21 cm.
650 _aFathers and daughters
_vFiction.
650 _aSouthern States
_vFiction.
650 _aRace relations
_vFiction.
650 _aTrials (Rape)
_vFiction.
650 _aGirls
_vFiction.
942 _2lcc
_cBK
999 _c367870
_d367870